000 00695nam a2200289Ia 4500
005 20260324132717.0
008 008 260324s9999 xx 000 0 eng d
020 _a9781003578833
037 _aEBOOK
040 _aCRL
040 _beng
040 _cCRL
041 _2eng
041 _aeng
084 _qCRL
100 _aYoji Akao
_91187779
245 0 _aQuality Function Deployment
245 0 _bIntegrating Customer Requirements into Product Design
260 _bTaylor and Francis
260 _c2004
365 _a
365 _b400
856 _uhttp://www.taylorfrancis.com/books/9781003578833
942 _cEBOOK
999 _c1788666
_d1788666